Modelos teóricos para el análisis del absentismo laboral (Registro nro. 18039)
[ vista simple ]
| 000 -CABECERA | |
|---|---|
| Longitud fija campo de control | 01290nam a2200325 c 4500 |
| 001 - NÚMERO DE CONTROL | |
| Número de control | 18039 |
| 003 - IDENTIFICADOR DE NÚMERO DE CONTROL | |
| Identificador del número de control | ES-MaCES |
| 005 - FECHA Y HORA DE LA ÚLTIMA TRANSACCIÓN | |
| Fecha y hora de la última transacción | 20141221122522.0 |
| 008 - CAMPO FIJO DE DESCRIPCIÓN FIJA--INFORMACIÓN GENERAL | |
| Códigos de información de longitud fija | 050907s1984 sp t o000 | spa d |
| 035 ## - NÚMERO DE CONTROL DEL SISTEMA | |
| Número de control del sistema | CES20050010528m |
| 040 ## - FUENTE DE CATALOGACIÓN | |
| Centro catalogador de origen | ES-MaCES |
| Lengua de catalogación | spa |
| Centro transcriptor | ES-MaCES |
| 100 1# - ENCABEZAMIENTO PRINCIPAL--NOMBRE PERSONAL | |
| Nombre de persona | Gutiérrez Palacios, Rodolfo |
| 9 (RLIN) | 14347 |
| 245 10 - MENCIÓN DE TÍTULO | |
| Título | Modelos teóricos para el análisis del absentismo laboral |
| Mención de responsabilidad, etc. | por Rodolfo Gutiérrez Palacios |
| 260 ## - PUBLICACIÓN, DISTRIBUCIÓN, ETC (PIE DE IMPRENTA) | |
| Lugar de publicación, distribución, etc. | Madrid |
| Nombre del editor, distribuidor, etc. | Consejo Superior de Investigaciones Científicas, Instituto de Sociología "Jaime Balmes" |
| Fecha de publicación, distribución, etc. | 1984 |
| 300 ## - DESCRIPCIÓN FÍSICA | |
| Extensión | P. 239-261 |
| Dimensiones | 23 cm |
| 500 ## - NOTA GENERAL | |
| Nota general | Tít. tomado de la cub |
| 500 ## - NOTA GENERAL | |
| Nota general | Separata de la Revista Internacional de Sociología |
| 500 ## - NOTA GENERAL | |
| Nota general | 2ª época (en.-marzo 1984) |
| 504 ## - NOTA DE BIBLIOGRAFÍA, ETC. | |
| Nota de bibliografía, etc. | Bibliografía: p. 260-261 |
| 541 ## - NOTA DE LA FUENTE INMEDIANTE DE ADQUISICIÓN | |
| Forma de adquisición | Gratuito |
| 650 #4 - ASIENTO SECUNDARIO DE MATERIA--TÉRMINO DE MATERIA | |
| Término de materia o nombre geográfico como elemento inicial | absentismo |
| 9 (RLIN) | 30471 |
| 650 #4 - ASIENTO SECUNDARIO DE MATERIA--TÉRMINO DE MATERIA | |
| Término de materia o nombre geográfico como elemento inicial | satisfacción en el trabajo |
| 9 (RLIN) | 28342 |
| 650 #4 - ASIENTO SECUNDARIO DE MATERIA--TÉRMINO DE MATERIA | |
| Término de materia o nombre geográfico como elemento inicial | sociología ocupacional |
| 9 (RLIN) | 30083 |
| 653 10 - TÉRMINO DE INDEXACIÓN--NO CONTROLADO | |
| Término no controlado | Relaciones laborales-Empleo |
| 710 2# - ENCABEZAMIENTO SECUNDARIO--NOMBRE CORPORATIVO | |
| Nombre de entidad o nombre de jurisdicción como elemento inicial | Consejo Superior de Investigaciones Científicas (España) |
| Unidad subordinada | Instituto de Sociología "Jaime Balmes" |
| Término indicativo de función | ed. |
| 9 (RLIN) | 2535 |
| 830 #0 - ENCABEZAMIENTO SECUNDARIO DE COLECCIÓN--TÍTULO UNIFORME | |
| Título uniforme | Academia (Centro de Investigaciones Sociológicas (Madrid)) |
| 9 (RLIN) | 32551 |
| 902 ## - CES. TIPO DE DOCUMENTO | |
| Tipodoc (006$c Sirtex) | DOC Literatura gris |
| 942 ## - ELEMENTOS KOHA | |
| Fuente de clasificaión o esquema | Clasificación propia del CES |
| Koha [por defecto] tipo de item | Monografías |
| Parte de clasificación | 2.0. |
| Número de registro | Signatura completa | Tipo de item de Koha |
|---|---|---|
| 061970 | DOC-2.0.-208 | Monografías |
